| 000 | 00451nam a22001817a 4500 | ||
|---|---|---|---|
| 003 | CEME | ||
| 005 | 20210628201917.0 | ||
| 008 | 210208b xxu||||| |||| 00| 0 eng d | ||
| 020 | _a81-203-2522-2 | ||
| 040 | _c. | ||
| 082 | _a621.3815 INT | ||
| 100 |
_aNiit _95329 |
||
| 245 | _aIntroduction to digital electronics | ||
| 260 |
_aNEW DELHI _bPRENTICE HALL _c2004 |
||
| 300 | _aVIII,409P | ||
| 650 |
_aDIGITAL ELECTRONICS _93115 |
||
| 942 |
_cBK _2ddc |
||
| 999 |
_c567659 _d567659 |
||